Matemática: 5
Gespeichert in:
| Hauptverfasser: | , |
|---|---|
| Format: | Buch |
| Sprache: | Spanisch |
| Veröffentlicht: |
Santiago
Arrayán
1998
|
| Schlagworte: | |
| Tags: |
Tag hinzufügen
Keine Tags, Fügen Sie den ersten Tag hinzu!
|
MARC
| LEADER | 00000nam a2200000 a 4500 | ||
|---|---|---|---|
| 001 | UCQ4670 | ||
| 003 | CL-VaPUC | ||
| 008 | 980910e19980000CL |||||||||||||||||spa|d | ||
| 082 | 0 | 4 | |a 372.7 |b HER |2 21 |
| 100 | |a Hernández, Jorge |e author |9 433118 | ||
| 700 | 0 | |a Ramírez, Juan |e author |9 174 | |
| 245 | 1 | 0 | |a Matemática: 5 |
| 300 | |a 192 p | ||
| 942 | |c BK | ||
| 945 | |d 19980910 00:00:00 |a mvenant | ||
| 260 | |a Santiago |b Arrayán |c 1998 | ||
| 650 | 0 | |a Matemática |9 260235 | |
| 650 | 0 | |a Educación básica |9 224933 | |
| 650 | 0 | |a Libros de texto |9 270019 | |
| 650 | 0 | |a Matemáticas |x Enseñanza |9 875527 | |
| 583 | |a last modification |c 20170829 03:32:34 |k Rodrigo Vera | ||
| 999 | |c 274986 |d 274984 | ||
| 952 | |0 0 |1 0 |4 0 |6 372_700000000000000_HER_1998 |7 0 |8 P |9 311442 |a BIBEDU |b BIBEDU |d 2019-11-20 |i 3460525 |o 372.7 HER 1998 |p 3460525 |r 2019-11-20 |w 2019-11-20 |y BK |k EPE | ||
| 952 | |0 0 |1 0 |4 0 |6 372_700000000000000_HER_1998 |7 0 |8 P |9 311443 |a BIBEDU |b BIBEDU |c BIBEDU_PB |d 2019-11-20 |i 3460533 |o 372.7 HER 1998 |p 3460533 |r 2024-01-25 |w 2019-11-20 |y BK |k EPE | ||